| 000 | 00748cam a22002771 4500 | ||
|---|---|---|---|
| 001 | sa 68012679 | ||
| 003 | DLC | ||
| 005 | 20260227112613.0 | ||
| 008 | 950222s1967 ii 000 0 sano | ||
| 010 | _asa 68012679 | ||
| 025 | _aPL480:I-San-852 | ||
| 035 | _a(OCoLC)32036193 | ||
| 040 |
_aDLC _cCU _dCU _dDLC |
||
| 042 | _apremarc | ||
| 050 | 0 | 0 |
_aPK2916 _b.M317 |
| 100 | 0 | _aMammaṭācārya. | |
| 245 | 1 | 0 | _aKāvyaprakāśaḥ. |
| 260 | _c[1967] | ||
| 300 |
_a12, 316 p. _c23 cm. |
||
| 440 | 0 |
_aKāśī-Saṃskr̥ta granthamālā ; _v49 |
|
| 500 | _aAdded t.p. in English. | ||
| 500 | _aIn Sanskrit. | ||
| 650 | 0 |
_aSanskrit poetry _xHistory and criticism. |
|
| 650 | 0 | _aPoetics. | |
| 700 | 1 |
_aŚarmā, Hariśaṅkara. _tNāgeśvarī. |
|
| 999 |
_c84672 _d84672 |
||